000 00972cam a2200289 a 4500
001 16748643
003 OSt
005 20230825131838.0
008 110425s2012 nyua b 001 0 eng
010 _a 2011017399
020 _a9780077176501
040 _aDLC
_cDLC
_dDLC
042 _apcc
050 0 0 _aHG4026
_b.B6668 2012
082 0 0 _a658.15
_bBRE/F
100 _a Brealey, Richard A
_91228
245 1 0 _aFundamentals of corporate finance /
_cRichard A. Brealey, Stewart C. Myers, Alan J. Marcus.
250 _a7th ed.
260 _aNew York :
_bMcGraw-Hill/Irwin,
_cc2012.
300 _axxx, 704, [44] p. :
_bcol. ill. ;
_c29 cm.
490 0 _aThe McGraw-Hill/Irwin series in finance, insurance and real estate
504 _aIncludes bibliographical references and index.
650 0 _aCorporations
_xFinance.
700 1 _aMyers, Stewart C.
_91243
700 1 _aMarcus, Alan J.
942 _2ddc
_cBK
_h658.15
_iBRE/F
_k658.15
_mBRE/F
999 _c41977
_d41977